Guerra y civilización
Збережено в:
| Автор: | |
|---|---|
| Формат: | Книга |
| Мова: | Іспанська |
| Опубліковано: |
Madrid
s.n
1984
|
| Редагування: | 2a. ed |
| Предмети: | |
| Теги: |
Додати тег
Немає тегів, Будьте першим, хто поставить тег для цього запису!
|
MARC
| LEADER | 00000nam a2200000 a 4500 | ||
|---|---|---|---|
| 001 | UCP8571 | ||
| 003 | CL-VaPUC | ||
| 008 | 000303e19840000sp |||||||||||||||||spa|d | ||
| 082 | 0 | 4 | |a 901 |b TOY |2 21 |
| 100 | |a Toynbee, Arnold Joseph |e autor |9 315218 | ||
| 245 | 1 | 0 | |a Guerra y civilización |
| 250 | |a 2a. ed | ||
| 300 | |a 169 p | ||
| 942 | |c BK | ||
| 945 | |d 20000303 00:00:00 |a rherrera | ||
| 260 | |a Madrid |b s.n |c 1984 | ||
| 600 | 0 | |a Carlomagno |9 343111 | |
| 650 | 0 | |a Filosofía de la historia |9 265651 | |
| 650 | 0 | |a Guerra |9 255876 | |
| 650 | 0 | |a Civilización |9 255823 | |
| 650 | 0 | |a Militares |9 336881 | |
| 650 | 7 | |a MILITARISMO |2 CL-VaPUC |9 321522 | |
| 651 | 0 | |a Esparta |9 334568 | |
| 651 | 7 | |a ASIRIA |2 CL-VaPUC |9 357602 | |
| 583 | |a last modification |c 20180104 01:47:20 |k Rodrigo Vera | ||
| 999 | |c 285463 |d 285461 | ||
| 952 | |0 0 |1 0 |4 0 |6 901_000000000000000_TOY_1984 |7 0 |8 A |9 330100 |a BIBHIS |b BIBHIS |d 2019-11-20 |i 1392816 |o 901 TOY 1984 |p 1392816 |r 2025-01-20 |w 2019-11-20 |y BK |k HIS | ||
| 952 | |0 0 |1 0 |4 0 |6 901_000000000000000_TOY_1984 |7 0 |8 A |9 330101 |a BIBHIS |b BIBHIS |d 2019-11-20 |i 1392824 |o 901 TOY 1984 |p 1392824 |r 2025-01-20 |w 2019-11-20 |y BK |k HIS | ||